Telugu Loan Word Origin Quiz - Statistics

General Stats
  • This quiz has been taken 39 times
    20 since last reset
  • The average score is 9 of 30
Answer Stats
Telugu Telugu Latin English Origin % Correct
దోస్తు dōstu friend Hindi/Urdu
93%
భాష bhāṣa language Sanskrit
87%
గులాబి gulābi rose Hindi/Urdu
60%
మంత్రి mantri minister Sanskrit
60%
నాటకము nāṭakamu drama Sanskrit
60%
సంగీతము saṅgītamu music Sanskrit
53%
రాణి rāṇi queen Sanskrit
53%
జిల్లా jillā district Hindi/Urdu
47%
నగరము nagaramu city Sanskrit
47%
రోజు rōju day Persian
33%
రాజు rāju king Sanskrit
33%
అవసరం avasaram necessary Sanskrit
33%
బదులు badulu instead Arabic
27%
పక్కా pakkā frfr Hindi
27%
సీసా sīsā bottle Hindi
27%
సామాను sāmānu luggage Hindi/Urdu
27%
పరవా paravā regard Hindi/Urdu
27%
నీలం nilam blue Sanskrit
27%
టోపీ ṭōpī hat Hindi
20%
హద్దు haddu limit Hindi/Urdu
20%
జేబు jēbu pocket Hindi/Urdu
20%
కబురు kaburu news Hindi/Urdu
20%
ఆసుపత్రి āsupatri hospital Portuguese
7%
ఇస్త్రీ istrī ironer Portuguese
7%
సబ్బు sabbu soap Portuguese
7%
బాతు bātu duck Portuguese/Urdu
7%
రాతిరి rātiri night Prakrit
0%
గంట gaṇṭa bell Prakrit
0%
అడవి aḍavi forest Prakrit
0%
అల్లము allamu ginger Prakrit
0%
No matching quizzes found
Score Distribution
Percent of People with Each Score
Percentile by Number Answered
Your Score History
You have not taken this quiz since the last reset